Wyroby i systemy do naprawy konstrukcji betonowych : (Rekord nr 49838)
| 000 -ETYKIETA REKORDU | |
|---|---|
| podpole kontrolne o stałej długości | 01221nam a2200241 i 4500 |
| 001 - NUMER KONTROLNY REKORDU | |
| pole kontrolne | bg |
| 022 ## - MIĘDZYNARODOWY ZNORMALIZOWANY NUMER WYDAWNICTW CIĄGŁYCH - ISSN | |
| ISSN | 12310638 |
| 040 ## - ŹRÓDŁO KATALOGOWANIA | |
| Instytucja, która utworzyła rekord | BPK |
| 041 0# - KOD JĘZYKA | |
| Kod języka tekstu | pol |
| 044 ## - KOD KRAJU WYDAWCY/PRODUCENTA | |
| Kod kraju wydawcy/producenta | POL |
| 080 ## - UNIWERSALNA KLASYFIKACJA DZIESIĘTNA - UKD | |
| UKD | 624.012.4:69.059.25](438)(083.1) |
| 008 - POLE O STAŁEJ DŁUGOŚCI - DANE KONTROLNE | |
| podpole kontrolne o stałej długości | 100529s2010 pl |000 0 pol |
| 100 1# - NAZWA OSOBOWA | |
| Nazwa osobowa | Germaniuk, Krzysztof. |
| 245 10 - TYTUŁ/ODPOWIEDZIALNOŚĆ | |
| Tytuł | Wyroby i systemy do naprawy konstrukcji betonowych : |
| Ciąg dalszy tytułu | zalecenia IBDiM do udzielania aprobat technicznych nr Z/2009-03-019 / |
| Pozostałe elementy strefy tytułu i oznaczenia odpowiedzialności | [aut. : Krzysztof Germaniuk, Tomasz Gajda, Agnieszka Królikowska] ; Instytut Badawczy Dróg i Mostów. Zakład Mostów. |
| 260 ## - STREFA ADRESU WYDAWNICZEGO | |
| Miejsce wydania | Warszawa : |
| Nazwa wydawcy/dystrybutora | Instytut Badawczy Dróg i Mostów. Branżowy Ośrodek Informacji Naukowej, Technicznej i Ekonomicznej Drogownictwa, |
| Data publikacji, dystrybucji/powstania dokumentu | 2010. |
| 300 ## - STREFA OPISU FIZYCZNEGO | |
| Objętość | 26 s. ; |
| Rozmiary | 24 cm. |
| 490 ## - STREFA SERII I DOKUMENTU WIELOCZĘŚCIOWEGO - FORMA NIE DO WYSZUKIWANIA | |
| Tytuł i oznaczenie odpowiedzialności serii | Informacje, Instrukcje / Instytut Badawczy Dróg i Mostów. Branżowy Ośrodek Informacji Naukowej, Technicznej i Ekonomicznej Drogownictwa, |
| ISSN | 1231-0638 ; |
| Numeracja w obrębie serii | z. 78 |
| 504 ## - UWAGA DOTYCZĄCA BIBLIOGRAFII | |
| Informacje o bibliografii | Bibliogr. s. 23-25. |
| 650 #9 - HASŁO PRZEDMIOTOWE W FORMIE NAZWY OGÓLNEJ LUB JEDNOSTKOWEJ | |
| Nazwa ogólna lub geograficzna | Konstrukcje betonowe |
| Określnik ogólny | remont |
| -- | normalizacja |
| Określnik geograficzny | Polska |
| 830 #0 - HASŁO DODATKOWE SERII LUB DOKUMENTU WIELOCZĘŚCIOWEGO - TYTUŁ UJEDNOLICONY | |
| Tytuł ujednolicony | Informacje, Instrukcje - Instytut Badawczy Dróg i Mostów, |
| -- | 1231-0638 ; |
| Oznaczenie tomu | z. 78 |
| 856 ## - LOKALIZACJA I DOSTĘP DO ELEKTRONICZNYCH DOKUMENTÓW ZDALNYCH | |
| Link (URL) | http://koha.tu.koszalin.pl/cgi-bin/koha/opac-detail.pl?biblionumber=49838 |
| Tekst linku | Katalog online BPK |
| 942 ## - DODATKOWE ELEMENTY (KOHA) | |
| Typ dokumentu | Książka |
| Wycofany | Status egzemplarza | Uszkodzony | Dostępność | Lokalizacja stała | Lokalizacja bieżąca | Miejsce przechowywania | Sygnatura | Kod kreskowy | Dział | Typ dokumentu |
|---|---|---|---|---|---|---|---|---|---|---|
| Tylko na miejscu | Czytelnia Wydziału Elektroniki i Informatyki, Wydziału Architektury i Wzornictwa, Wydziału Inżynierii Mechanicznej i Energetyki oraz Wydziału Inżynierii Lądowej, Środowiska i Geodezji | Czytelnia Wydziału Elektroniki i Informatyki, Wydziału Architektury i Wzornictwa, Wydziału Inżynierii Mechanicznej i Energetyki oraz Wydziału Inżynierii Lądowej, Środowiska i Geodezji | Czytelnia Wydziałowa ul. Śniadeckich 2 | S 2062 | 02200835 | 624.012.4 Konstrukcje betonowe | Książka |
